000 00225 a2200097 4500
020 _a9789369895649
100 _aKailash Satyarthi
245 _aKaruna: the power of compassion
260 _bHarper Collins
_c2026
942 _cOO
999 _c115627
_d115626